Statistics for North American Sports Teams 2010-11

Click here to take the quiz!

General Stats

  • This quiz has been taken 12 times
    (11 since last reset)
  • The average score is 110 of 146

Answer Stats

HintAnswer% Correct
Georgia NFL:Atlanta Falcons
91%
Georgia NBA:Atlanta Hawks
91%
Maryland MLB:Baltimore Orioles
91%
Maryland NFL:Baltimore Ravens
91%
British Columbia CFL:BC Lions
91%
North Carolina NFL:Carolina Panthers
91%
Illinois NFL:Chicago Bears
91%
Illinois NHL:Chicago Blackhawks
91%
Illinois NBA:Chicago Bulls
91%
Illinois MLB:Chicago Cubs
91%
Ohio MLB:Cincinnati Reds
91%
Colorado NFL:Denver Broncos
91%
Colorado NBA:Denver Nuggets
91%
Michigan NFL:Detroit Lions
91%
Michigan NBA:Detroit Pistons
91%
Michigan MLB:Detroit Tigers
91%
Alberta NHL:Edmonton Oilers
91%
Florida NHL:Florida Panthers
91%
Indiana NBA:Indiana Pacers
91%
Missouri MLS:Kansas City Wizards
91%
California NHL:Los Angeles Kings
91%
Florida NFL:Miami Dolphins
91%
Minnesota NBA:Minnesota Timberwolves
91%
Minnesota NFL:Minnesota Vikings
91%
New Jersey NBA:New Jersey Nets
91%
California MLB:Oakland Athletics
91%
Arizona NHL:Phoenix Coyotes
91%
Arizona NBA:Phoenix Suns
91%
California NBA:Sacramento Kings
91%
California MLB:San Francisco Giants
91%
Missouri NFL:St. Louis Rams
91%
Florida NFL:Tampa Bay Buccaneers
91%
Texas MLB:Texas Rangers
91%
DC NHL:Washington Capitals
91%
DC NFL:Washington Redskins
91%
DC NBA:Washington Wizards
91%
California NHL:Anaheim Ducks
82%
Arizona NFL:Arizona Cardinals
82%
Arizona MLB:Arizona Diamondbacks
82%
Georgia MLB:Atlanta Braves
82%
Massachusetts NBA:Boston Celtics
82%
Massachusetts MLB:Boston Red Sox
82%
New York NFL:Buffalo Bills
82%
New York NHL:Buffalo Sabres
82%
Alberta NHL:Calgary Flames
82%
Illinois MLB:Chicago White Sox
82%
Colorado NHL:Colorado Avalanche
82%
Colorado MLB:Colorado Rockies
82%
Texas NFL:Dallas Cowboys
82%
Texas NBA:Dallas Mavericks
82%
Texas NHL:Dallas Stars
82%
Michigan NHL:Detroit Red Wings
82%
California NBA:Golden State Warriors
82%
Indiana NFL:Indianapolis Colts
82%
California NBA:Los Angeles Clippers
82%
California MLB:Los Angeles Dodgers
82%
California NBA:Los Angeles Lakers
82%
Tennessee NBA:Memphis Grizzlies
82%
Florida NBA:Miami Heat
82%
Florida MLB:Miami Marlins
82%
Wisconsin NBA:Milwaukee Bucks
82%
Minnesota MLB:Minnesota Twins
82%
Minnesota NHL:Minnesota Wild
82%
Massachusetts NFL:New England Patriots
82%
New Jersey NHL:New Jersey Devils
82%
Louisiana NFL:New Orleans Saints
82%
New York NFL:New York Giants
82%
New York NFL:New York Jets
82%
New York NBA:New York Knicks
82%
New York MLB:New York Mets
82%
New York NHL:New York Rangers
82%
California NFL:Oakland Raiders
82%
Florida NBA:Orlando Magic
82%
Pennsylvania NBA:Philadelphia 76ers
82%
Pennsylvania NFL:Philadelphia Eagles
82%
Pennsylvania NHL:Philadelphia Flyers
82%
Pennsylvania NHL:Pittsburgh Penguins
82%
Pennsylvania NFL:Pittsburgh Steelers
82%
Texas NBA:San Antonio Spurs
82%
California NFL:San Diego Chargers
82%
California MLB:San Diego Padres
82%
California NFL:San Francisco 49ers
82%
California NHL:San Jose Sharks
82%
Washington MLB:Seattle Mariners
82%
Washington NFL:Seattle Seahawks
82%
Missouri NHL:St. Louis Blues
82%
Missouri MLB:St. Louis Cardinals
82%
Florida MLB:Tampa Bay Rays
82%
Ontario MLB:Toronto Blue Jays
82%
Utah NBA:Utah Jazz
82%
British Columbia NHL:Vancouver Canucks
82%
DC MLB:Washington Nationals
82%
Georgia NHL:Atlanta Thrashers
73%
Massachusetts NHL:Boston Bruins
73%
North Carolina NHL:Carolina Hurricanes
73%
Ohio NFL:Cincinnati Bengals
73%
Ohio NBA:Cleveland Cavaliers
73%
Ohio MLB:Cleveland Indians
73%
Ohio NHL:Columbus Blue Jackets
73%
Wisconsin NFL:Green Bay Packers
73%
Texas MLB:Houston Astros
73%
Texas NBA:Houston Rockets
73%
Texas NFL:Houston Texans
73%
Florida NFL:Jacksonville Jaguars
73%
Missouri NFL:Kansas City Chiefs
73%
Missouri MLB:Kansas City Royals
73%
California MLS:LA Galaxy
73%
Wisconsin MLB:Milwaukee Brewers
73%
Tennessee NHL:Nashville Predators
73%
Louisiana NBA:New Orleans Hornets
73%
New York NHL:New York Islanders
73%
New York MLB:New York Yankees
73%
Oklahoma NBA:Oklahoma City Thunder
73%
Pennsylvania MLB:Philadelphia Phillies
73%
Pennsylvania MLB:Pittsburgh Pirates
73%
Oregon NBA:Portland Trailblazers
73%
Florida NHL:Tampa Bay Lightning
73%
Tennessee NFL:Tennessee Titans
73%
Ontario NHL:Toronto Maple Leafs
73%
Ontario NBA:Toronto Raptors
73%
North Carolina NBA:Charlotte Bobcats
64%
Ohio NFL:Cleveland Browns
64%
DC MLS:D.C. United
64%
Quebec NHL:Montreal Canadiens
64%
Ontario NHL:Ottawa Senators
64%
Illinois MLS:Chicago Fire
55%
Alberta CFL:Edmonton Eskimos
55%
Alberta CFL:Calgary Stampeders
45%
Colorado MLS:Colorado Rapids
45%
California MLB:Los Angeles Angels of Anaheim
45%
Utah MLS:Real Salt Lake
45%
Saskatchewan CFL:Saskatchewan Roughriders
45%
Ontario CFL:Toronto Argonauts
45%
Manitoba CFL:Winnipeg Blue Bombers
45%
Ohio MLS:Columbus Crew
36%
Texas MLS:FC Dallas
36%
Ontario CFL:Hamilton Tiger-Cats
36%
Texas MLS:Houston Dynamo
36%
Massachusetts MLS:New England Revolution
36%
California MLS:San Jose Earthquakes
36%
Washington MLS:Seattle Sounders FC
36%
Ontario MLS:Toronto FC
36%
California MLS:Chivas USA
27%
Quebec CFL:Montreal Alouettes
27%
New York MSL:New York Red Bulls
27%
Pennsylvania MLS:Philadelphia Union
27%

Score Distribution

Percentile by Number Answered

Percent of People with Each Score

Your Score History

You have not taken this quiz since the last reset